Character by Catchphrase Quiz Stats

 Plays Quiz Updated Mar 14, 2018

Challenge
Share
Tweet
Embed
Score 0/20 Timer 05:00
6 Plays Today
Catchphrase Character % Correct
'Yabba dabba doo!'Fred Flintstone
71.7%
'How YOU doin'?'Joey Tribbiani
69.1%
'Eat My Shorts'Bart Simpson
65.1%
'Live long and prosper'Spock
57.9%
'Aaay'Arthur Fonzarelli
53.4%
'That’s what she said'Michael Scott
49.6%
'Hey hey HEEY!'Fat Albert
44.8%
'Did I do that?'Steven Q. Urkel
44%
'Legen— wait for it —dary'Barney Stinson
40.9%
'You rang?'Lurch
36.3%
Catchphrase Character % Correct
'Watchoo talkin' 'bout, Willis?'Arnold Jackson
31.2%
'You eeeediot!'Ren Höek
26.1%
'De plane! De plane!'Tattoo
25.6%
'Dyn-o-mite'James 'J.J.' Evans, Jr.
24.6%
'Missed it by that much'Maxwell Smart
19.8%
'Baby, you're the greatest'Ralph Kramden
16.1%
'I love it when a plan comes together'Col. John 'Hannibal' Smith
14.8%
'Up your nose with a rubber hose'Vinnie Barbarino
14.4%
'Let’s Hug It Out...'Ari Gold
13.2%
'God'll get you for that'Maude Findlay
5.8%

You're not logged in!

Compare scores with friends on all Sporcle quizzes.
Join for Free
OR
Log In

You Might Also Like...

Show Comments

Extras

Top Quizzes Today


Score Distribution

Your Account Isn't Verified!

In order to create a playlist on Sporcle, you need to verify the email address you used during registration. Go to your Sporcle Settings to finish the process.

Report this User

Report this user for behavior that violates our Community Guidelines.

Details: